000
00350nam a2200145Ia 4500
008
231217s9999 xx 000 0 und d
041
_a
English
082
_a
001.64 SAM;1
100
_a
Samanta, D
245
0
_a
Classic data structures
260
_c
2002
_b
New Delhi : PHI
300
_a
x+470
650
_a
Classic,data,structures
942
_c
AA
999
_c
169260
_d
169260